<?xml version="1.0" encoding="UTF-8"?>
<record
    xmlns:xsi="http://www.w3.org/2001/XMLSchema-instance"
    xsi:schemaLocation="http://www.loc.gov/MARC21/slim http://www.loc.gov/standards/marcxml/schema/MARC21slim.xsd"
    xmlns="http://www.loc.gov/MARC21/slim">

  <leader>01292nam a22002057a 4500</leader>
  <controlfield tag="005">20250423151505.0</controlfield>
  <controlfield tag="008">250423b        |||||||| |||| 00| 0 eng d</controlfield>
  <datafield tag="020" ind1=" " ind2=" ">
    <subfield code="a">9788126911127</subfield>
  </datafield>
  <datafield tag="040" ind1=" " ind2=" ">
    <subfield code="c">AL</subfield>
  </datafield>
  <datafield tag="041" ind1=" " ind2=" ">
    <subfield code="a">English</subfield>
  </datafield>
  <datafield tag="082" ind1=" " ind2=" ">
    <subfield code="2">23</subfield>
    <subfield code="a">338.954</subfield>
    <subfield code="b">BANI</subfield>
  </datafield>
  <datafield tag="100" ind1=" " ind2=" ">
    <subfield code="a">Nilanjan Banik</subfield>
    <subfield code="9">208712</subfield>
  </datafield>
  <datafield tag="245" ind1=" " ind2=" ">
    <subfield code="a">Indian Economy: A Macroeconomic Perspective</subfield>
  </datafield>
  <datafield tag="260" ind1=" " ind2=" ">
    <subfield code="a">New Delhi</subfield>
    <subfield code="b">Atlantic Publishers and Distibutors (p) Ltd</subfield>
    <subfield code="c">2025</subfield>
  </datafield>
  <datafield tag="300" ind1=" " ind2=" ">
    <subfield code="a">xviii,235 p.</subfield>
    <subfield code="b">PB</subfield>
    <subfield code="c">24x18.5 cm.</subfield>
  </datafield>
  <datafield tag="365" ind1=" " ind2=" ">
    <subfield code="a">IN-7991</subfield>
    <subfield code="b">&#x20B9;642.64</subfield>
    <subfield code="c">&#x20B9;</subfield>
    <subfield code="d">&#x20B9;642.64</subfield>
    <subfield code="f">19-03-2025</subfield>
  </datafield>
  <datafield tag="520" ind1=" " ind2=" ">
    <subfield code="a">This lucid and concise overview of India's macroeconomy presents a comprehensive assessment of governmental policies and measures crucial to economic growth and stability. Thematically structured, the book discusses the demand and supply-side factors affecting India's economy, poverty and inequality, remedial measures, fiscal and monetary policies, budget constraints, unemployment and inflation, the post-liberalization era and its effects on the labour and capital markets, future reforms in the economy, and trade and external sector. Grounded in the Indian context, with extensive case studies, illustrations and examples, it relates economic theories to real-world economics.</subfield>
  </datafield>
  <datafield tag="650" ind1=" " ind2=" ">
    <subfield code="a">Indian Ecomoy</subfield>
    <subfield code="9">208713</subfield>
  </datafield>
  <datafield tag="942" ind1=" " ind2=" ">
    <subfield code="2">ddc</subfield>
    <subfield code="c">BK</subfield>
  </datafield>
  <datafield tag="999" ind1=" " ind2=" ">
    <subfield code="c">234218</subfield>
    <subfield code="d">234218</subfield>
  </datafield>
  <datafield tag="952" ind1=" " ind2=" ">
    <subfield code="0">0</subfield>
    <subfield code="1">0</subfield>
    <subfield code="2">ddc</subfield>
    <subfield code="4">0</subfield>
    <subfield code="7">0</subfield>
    <subfield code="8">ECO</subfield>
    <subfield code="a">AL</subfield>
    <subfield code="b">AL</subfield>
    <subfield code="d">2025-03-29</subfield>
    <subfield code="e">amazon.in</subfield>
    <subfield code="g">642.64</subfield>
    <subfield code="l">0</subfield>
    <subfield code="o">338.954 BANI</subfield>
    <subfield code="p">077649</subfield>
    <subfield code="r">2025-04-23 15:30:55</subfield>
    <subfield code="v">642.64</subfield>
    <subfield code="y">BK</subfield>
  </datafield>
</record>
